| 000 | 01340cam a2200277 i 4500 | ||
|---|---|---|---|
| 003 | SA-RiAUC | ||
| 005 | 20251031124626.0 | ||
| 008 | 251026s1987 ua g 000r0dara c | ||
| 040 |
_aSA-JeALM _bara _cSA-RiAUC _erda |
||
| 082 | 0 | 4 | _a217.2 |
| 090 |
_a217.2 _bا ب ن ع |
||
| 100 | 1 |
_aابن عبد الوهاب، سليمان بن عبد الوهاب بن سليمان، _dتوفي حوالي 1210 هجري _eمؤلف. |
|
| 245 | 1 | 2 |
_aالصواعق الإلهية في الرد على الوهابية / _cللعلامة سليمان بن عبد الوهاب النجدي ؛ حققه وقدم له وعلق عليه إبراهيم محمد البطاوي. |
| 250 | _aالطبعة الاولى. | ||
| 264 | 1 |
_aالقاهرة : _bدار الإنسان، _c1987 |
|
| 300 |
_a166 صفحة ؛ _c16 سم . |
||
| 336 |
_aنص _btxt _2rdacontent _3كتاب |
||
| 337 |
_aبدون وسيط _bn _2rdamedia |
||
| 440 | 0 |
_aمصادر الفكر الجانح. _pالتكفير والهجرة |
|
| 600 | 1 | 7 |
_aابن عبد الوهاب، محمد بن عبد الوهاب بن سليمان، _d1115-1206 هجري _2aucnm |
| 650 | 7 |
_aالوهابية _2aucsh |
|
| 650 | 7 |
_aالفرق الإسلامية _2aucsh |
|
| 700 | 1 |
_aالبطاوي، إبراهيم محمد _eمحقق. |
|
| 942 |
_2ddc _cBOOK _n0 |
||
| 949 |
_aSA-JeALM _d251026 _uosman123 _n1 |
||
| 999 |
_c12869 _d12869 |
||